000 01566cam a22004334i 4500
003 PE-LiUPU
005 20250731173149.0
008 150623s r 000 0 d
035 _a(Sirsi) a28134
040 _aPE-LiUPU
_bspa
_cPE-LiUPU
_erda
082 0 4 _a220.91
_bC61
_221
245 0 4 _aThe holy land satellite atlas.
_n1 /
_cRichard Cleave ed.
264 1 _aNicosia, Cyprus :
_bRohr Productions,
_c1999.
300 _a152 páginas :
_bilustraciones, fotos, mapas ;
_c33 cm.
300 _aMaterial cartográfico
336 _atext
_2rdacontent
337 _aunmediated
_2rdamedia
338 _avolume
_2rdacarrier
505 0 _aArchaeological and historical summary. Map series 1:650,000 introduction. Map siers 1:275,000 introduction. Map siers 1:150,000 and 100,000 introduction.
526 _aSEG42
526 _aSEG41
526 _aSEG40
526 _aSEG39
526 _aP94
526 _aP87
526 _aP86
526 _aP85
526 _aP77
526 _aP76
526 _aP35
650 0 4 _aGeografía bíblica.
651 _aEgipto
_xMapas por satélite.
700 1 _aCleave, Richard,
_eed.
942 _2ddc
_cBOOK
949 _a220.91 C61 1
_wDEWEY
_c1
_i53381
_lCCODEBUL1
_mBUL
_p70.00
_r0
_sY
_tBOOK
_u2015-06-24
_xTEOLOGIA
_PP35
_0COMPRA
_o.STAFF. Colección General
596 _a1
999 _a220.91 C61 1
_wDEWEY
_c35349
_i53381
_d35349
_f2021-11-9
_g5
_lCCODEBUL1
_mBUL
_p70.00
_q1
_r0
_sY
_tBOOK
_u2015-6-24
_xTEOLOGIA
_PP35
_0COMPRA
_o.STAFF. Colección General
980 _81
_gALBERTO SANCHEZ Responsable de Automatización